Who Can Beat Michigan? - Statistics

General Stats
  • This quiz has been taken 22 times
  • The average score is 38 of 49
Answer Stats
Hint Answer % Correct
Alaska Larger
100%
Iowa Smaller
100%
Hawaii Smaller
100%
Texas Larger
93%
California Larger
93%
Wisconsin Smaller
93%
Georgia Smaller
93%
Arkansas Smaller
93%
Maryland Smaller
93%
Vermont Smaller
93%
New Hampshire Smaller
93%
New Jersey Smaller
93%
Delaware Smaller
93%
Montana Larger
86%
Kansas Smaller
86%
Missouri Smaller
86%
Illinois Smaller
86%
Mississippi Smaller
86%
Ohio Smaller
86%
Tennessee Smaller
86%
Kentucky Smaller
86%
Indiana Smaller
86%
Maine Smaller
86%
South Carolina Smaller
86%
West Virginia Smaller
86%
Massachusetts Smaller
86%
Connecticut Smaller
86%
Rhode Island Smaller
86%
Nevada Larger
79%
Nebraska Smaller
79%
Oklahoma Smaller
79%
North Carolina Smaller
79%
Alabama Smaller
79%
Louisiana Smaller
79%
Pennsylvania Smaller
79%
North Dakota Smaller
71%
Florida Smaller
71%
New Mexico Larger
64%
Arizona Larger
64%
South Dakota Smaller
64%
Washington Smaller
64%
New York Smaller
64%
Virginia Smaller
64%
Minnesota Smaller
50%
Utah Smaller
50%
Colorado Larger
43%
Idaho Smaller
43%
Wyoming Larger
36%
Oregon Larger
29%
No matching quizzes found
Score Distribution
Percent of People with Each Score
Percentile by Number Answered
Your Score History
You have not taken this quiz